<?xml version="1.0" encoding="UTF-8"?>
<record
    xmlns:xsi="http://www.w3.org/2001/XMLSchema-instance"
    xsi:schemaLocation="http://www.loc.gov/MARC21/slim http://www.loc.gov/standards/marcxml/schema/MARC21slim.xsd"
    xmlns="http://www.loc.gov/MARC21/slim">

  <leader>00285nam a22001097a 4500</leader>
  <datafield tag="999" ind1=" " ind2=" ">
    <subfield code="c">64937</subfield>
    <subfield code="d">64934</subfield>
  </datafield>
  <datafield tag="082" ind1=" " ind2=" ">
    <subfield code="a">297</subfield>
    <subfield code="a">&#x646; &#x639; &#x645; </subfield>
  </datafield>
  <datafield tag="100" ind1=" " ind2=" ">
    <subfield code="a">&#x639;&#x644;&#x627;&#x645; &#x634;&#x628;&#x644;&#x6CC; &#x646;&#x639;&#x645;&#x627;&#x646;&#x6CC; &#x631;&#x62D;</subfield>
  </datafield>
  <datafield tag="245" ind1=" " ind2=" ">
    <subfield code="a">&#x633;&#x6CC;&#x631;&#x62A; &#x627;&#x644;&#x646;&#x628;&#x6CC; &#x635;</subfield>
  </datafield>
  <datafield tag="260" ind1=" " ind2=" ">
    <subfield code="a">&#x646;&#x634;&#x646;&#x644; &#x628;&#x6A9;  &#x641;&#x627;&#x648;&#x646;&#x62F;&#x6CC;&#x634;&#x646;</subfield>
    <subfield code="b">&#x627;&#x633;&#x644;&#x627;&#x645; &#x622;&#x646;&#x627;&#x62F;</subfield>
  </datafield>
  <datafield tag="300" ind1=" " ind2=" ">
    <subfield code="a">768</subfield>
  </datafield>
  <datafield tag="942" ind1=" " ind2=" ">
    <subfield code="c">BK</subfield>
  </datafield>
  <datafield tag="952" ind1=" " ind2=" ">
    <subfield code="0">0</subfield>
    <subfield code="1">0</subfield>
    <subfield code="4">0</subfield>
    <subfield code="7">0</subfield>
    <subfield code="8">REF</subfield>
    <subfield code="a">REF</subfield>
    <subfield code="b">REF</subfield>
    <subfield code="d">2019-07-03</subfield>
    <subfield code="l">0</subfield>
    <subfield code="o">297   (Shelf - 17E)</subfield>
    <subfield code="p">R1562</subfield>
    <subfield code="r">2019-07-03 00:00:00</subfield>
    <subfield code="y">BK</subfield>
  </datafield>
</record>
